| 000 | 00736cam a2200229 a 4500 | ||
|---|---|---|---|
| 001 | 000005138 | ||
| 005 | 20200929151605.0 | ||
| 008 | 950208s1993 sp 000 0 spa | ||
| 020 | _a8476832362 | ||
| 040 |
_aDO-SdBNP _cspa _dBNPHU |
||
| 082 |
_a861.64 _bA925c |
||
| 100 | 1 |
_aAumente, Julio, _d1924- _914708 |
|
| 245 | 1 | 3 |
_aEl canto de las arpías / _cJulio Aumente ; prólogo de Luis Antonio de Villena. |
| 260 |
_aMadrid : _bEdiciones Libertarias, _c1993. |
||
| 300 |
_a59 p. ; _c22 cm. |
||
| 490 | 1 |
_aLos libros del ave Fenix _aPoesía |
|
| 490 | 1 | _v42 | |
| 500 | _aIncluye datos biográficos del autor | ||
| 650 | 4 |
_aPoesía española _9631 |
|
| 650 | 4 |
_aLiteratura española _9632 |
|
| 830 | 4 |
_aLos libros del ave _ppoesías _914709 |
|
| 999 |
_c4941 _d4941 |
||